Country flags colors- Tile select - Statistics

General Stats
  • This quiz has been taken 13 times
  • The average score is 41 of 54
Answer Stats
Question Tile Select % Correct
Select all countries that DO have blue on their flag Guinea Bissau No
100%
Select all countries that DO have blue on their flag Oman No
100%
Select all countries that DO have blue on their flag Maldives No
92%
Select all countries that DO have blue on their flag Mali No
92%
Select all countries that DO have blue on their flag Palau Yes
92%
Select all countries that DO have blue on their flag San Marino Yes
92%
Select all countries that DO have blue on their flag Tanzania Yes
92%
Select all countries that DO have red on their flag Antigua and Barbuda Yes
83%
Select all countries that DO have blue on their flag Armenia Yes
83%
Select all countries that DO have orange on their flag Armenia Yes
83%
Select all countries that DO have green on their flag Bolivia Yes
83%
Select all countries that DO have green on their flag Brazil Yes
83%
Select all countries that DO have green on their flag Cambodia No
83%
Select all countries that DO have yellow on their flag Djibouti No
83%
Select all countries that DO have black on their flag Estonia Yes
83%
Select all countries that DO have black on their flag Iraq Yes
83%
Select all countries that DO have orange on their flag Ivory coast Yes
83%
Select all countries that DO have black on their flag Luxembourg No
83%
Select all countries that DO have black on their flag Malawi Yes
83%
Select all countries that DO have yellow on their flag Monaco No
83%
Select all countries that DO have green on their flag Saint vincent and the grenadines Yes
83%
Select all countries that DO have orange on their flag Senegal No
83%
Select all countries that DO have yellow on their flag Taiwan No
83%
Select all countries that DO have green on their flag Bahamas No
75%
Select all countries that DO have orange on their flag Congo No
75%
Select all countries that DO have green on their flag Cuba No
75%
Select all countries that DO have yellow on their flag Dominica Yes
75%
Select all countries that DO have red on their flag East timor Yes
75%
Select all countries that DO have green on their flag Eswatini No
75%
Select all countries that DO have yellow on their flag France No
75%
Select all countries that DO have red on their flag India No
75%
Select all countries that DO have red on their flag Kyrgyzstan Yes
75%
Select all countries that DO have green on their flag Mauritania Yes
75%
Select all countries that DO have yellow on their flag Myanmar Yes
75%
Select all countries that DO have red on their flag Nauru No
75%
Select all countries that DO have red on their flag Niger No
75%
Select all countries that DO have red on their flag Papua new guinea Yes
75%
Select all countries that DO have orange on their flag Sao tomé and principe No
75%
Select all countries that DO have black on their flag U.S.A No
75%
Select all countries that DO have black on their flag Uzbekistan No
75%
Select all countries that DO have black on their flag Vietnam No
75%
Select all countries that DO have yellow on their flag Cape verde Yes
67%
Select all countries that DO have green on their flag Lesotho Yes
67%
Select all countries that DO have orange on their flag Mauritius No
67%
Select all countries that DO have black on their flag Vanuatu Yes
67%
Select all countries that DO have orange on their flag Zambia Yes
67%
Select all countries that DO have orange on their flag Marshall islands Yes
58%
Select all countries that DO have yellow on their flag Portugal Yes
58%
Select all countries that DO have orange on their flag Uganda No
58%
Select all countries that DO have blue on their flag Comoros Yes
50%
Select all countries that DO have black on their flag Liechtenstein Yes
50%
Select all countries that DO have yellow on their flag Tuvalu Yes
50%
Select all countries that DO have red on their flag Turkmenistan Yes
42%
Select all countries that DO have red on their flag Vatican city Yes
42%
No matching quizzes found
Score Distribution
Percent of People with Each Score
Percentile by Number Answered
Your Score History
You have not taken this quiz